Tropical refrigeration and air-conditioning / (Record no. 161792)

MARC details
000 -LEADER
fixed length control field 00764pam a2200253 a 4500
008 - FIXED-LENGTH DATA ELEMENTS--GENERAL INFORMATION
fixed length control field
020 ## - INTERNATIONAL STANDARD BOOK NUMBER
International Standard Book Number 0582658039 (pbk.)
049 ## - LOCAL HOLDINGS (OCLC)
Holding library MAIN
090 ## - LOCALLY ASSIGNED LC-TYPE CALL NUMBER (OCLC); LOCAL CALL NUMBER (RLIN)
Classification number (OCLC) (R) ; Classification number, CALL (RLIN) (NR) TP492
Local cutter number (OCLC) ; Book number/undivided call number, CALL (RLIN) COT.
003 - CONTROL NUMBER IDENTIFIER
control field
005 - DATE AND TIME OF LATEST TRANSACTION
control field 20230123134211.0
040 ## - CATALOGING SOURCE
Transcribing agency NUST
100 1# - MAIN ENTRY--PERSONAL NAME
Personal name Cottell, L. W.
245 10 - TITLE STATEMENT
Title Tropical refrigeration and air-conditioning /
Statement of responsibility, etc. L.W. Cottell and S. Olarewaju.
260 ## - PUBLICATION, DISTRIBUTION, ETC.
Place of publication, distribution, etc. London :
Name of publisher, distributor, etc. Longman,
Date of publication, distribution, etc. 1983.
300 ## - PHYSICAL DESCRIPTION
Extent viii, 231 p. :
Other physical details ill. ;
Dimensions 19 x 25 cm.
440 #0 - SERIES STATEMENT/ADDED ENTRY--TITLE
Title Longman industrial crafts series
500 ## - GENERAL NOTE
General note Includes index.
650 #0 - SUBJECT ADDED ENTRY--TOPICAL TERM
Topical term or geographic name entry element Refrigeration and refrigerating machinery.
650 #0 - SUBJECT ADDED ENTRY--TOPICAL TERM
Topical term or geographic name entry element Air conditioning.
700 1# - ADDED ENTRY--PERSONAL NAME
Personal name Olarewaju, S.
907 ## - LOCAL DATA ELEMENT G, LDG (RLIN)
a .b10201130
b 17-12-14
c 08-05-06
942 ## - ADDED ENTRY ELEMENTS (KOHA)
Koha item type Ordinary Loan Books
Call number prefix TP492
Call number suffix COT.
Holdings
Date last seen Total Checkouts Full call number Barcode Cost, replacement price Price effective from Koha item type Lost status Source of classification or shelving scheme Damaged status Not for loan Collection Withdrawn status Home library Current library Shelving location Date acquired Cost, normal purchase price
01/23/2023 12 TP492 COT 92003025139 80.00 01/23/2023 BOOKS   LCC     NFIC   MAIN MAIN GEN 01/23/2023 80.00